| 000 | 00537nam a22001697a 4500 | ||
|---|---|---|---|
| 003 | OSt | ||
| 005 | 20260507022412.0 | ||
| 008 | 260507b |||||||| |||| 00| 0 eng d | ||
| 020 | _a9711901153 | ||
| 040 |
_aDWCL Main Lib. _cOC |
||
| 082 | _aF B337 1998 | ||
| 100 |
_aBautista, Lualhati _eAuthor |
||
| 245 |
_aGapo at isang puting Pilipino, sa mundo ng mga Amerikanong kulay brown / _cLualhati Bautista |
||
| 260 |
_aMandaluyong, Philippines : _bCacho Publishing House, _cc1998. |
||
| 300 |
_a152 pages ; _c17cm. |
||
| 942 |
_2ddc _cFIC. _n0 |
||
| 999 |
_c10306 _d10306 |
||